00494 a2200157 4500050002100000110003600021245007700057264004100134300001200175440002400187500005000211650002800261650002500289650000900314651001300323 aKQE 512 RHO 1974 aRhodesia Government (Authority) aRhodesia government gazette :cRhodesia GovernmentbPart 5. (922-1217) / aZimbabwe:bGovernment Printer,c1974 a2515p.: aVolume LII (part 2) aIncludes bibliographical references and index aSubsidiary legislation  aAfrican councils act aActs aRhodesia